00626nam a2200181Ia 4500008004100000082001600041100001400057245005200071250000900123260002800132300000800160500002400168650001800192942000700210952010500217952010500322999001700427230524s9999 xx 000 0 und d a363.73bSOD aG.S.Sodhi 0aFundamental Concents of Environmental Chemistry a14TH aNEW DELHIbNarosac2005 a465 aQuantity Number: 2 aEnvironmental cBK 00104070aTATCLbTATCLcGENd2023-05-24l0o363.73 SODp6111r2023-05-24w2023-05-24yBKzHSSM4403 00104070aTATCLbTATCLcGENd2023-05-24l0o363.73 SODp6112r2023-05-24w2023-05-24yBKzHSSM4403 c12894d12894